Statistics for General Knowledge Quiz #61

Click here to take the quiz!

General Stats

  • This quiz has been taken 115,613 times
    (70,542 since last reset)
  • The average score is 12 of 20

Answer Stats

QuestionAnswer% Correct
What country attacked Pearl Harbor in 1941?Japan
99%
Where does Peter Pan live?Never Never Land
94%
What was the name of Geppetto's puppet who came to life?Pinocchio
92%
What is the scientific name for the human species?Homo sapiens
90%
Which modern-day country ended up with 99% of Yugoslavia's coastline?Croatia
76%
What is the last name of Australian actors Chris, Liam, and Luke?Hemsworth
74%
Which African country takes its name from the Latin for "free"?Liberia
65%
In Britain they call it a rubber. What do Americans call it?An eraser
64%
What is either a military rank or a type of punishment?Corporal
59%
Who had a wife named Priscilla and a daughter named Lisa Marie?Elvis Presley
59%
In the Bible, what was Lot's wife turned into when she looked back
upon the destruction of Sodom?
A pillar of salt
54%
Who sang "Redemption Song" and "Jamming"?Bob Marley
47%
What branch of mathematics was invented separately by
Isaac Newton and Gottfried Leibniz?
Calculus
46%
What common clothing fiber is made by the larvae of moths?Silk
46%
What type of animal would you find in an apiary?Bee
45%
What, in common English, is a gendarme?A police officer
41%
What is the name of both a French dynasty and a street in New Orleans?Bourbon
38%
Lox is something you might put on your bagel. What is it?Brined salmon
33%
What country's first Prime Minister, Lee Kuan Yew, is often given as an example
of a "benevolent dictator"?
Singapore
33%
The Romans knew it as Eboracum. The Saxons knew it as Eoforwic. Today the name of
this city only has 4 letters. What is it?
York
32%

Score Distribution

Percentile by Number Answered

Percent of People with Each Score

Your Score History

You have not taken this quiz since the last reset